|
|
|
|
| LEADER |
00000nam0a2200000 4500 |
| 001 |
81887 |
| 005 |
20231101213209.0 |
| 035 |
|
|
|a (RuTPU)RU\TPU\book\88016
|
| 035 |
|
|
|a RU\TPU\book\57133
|
| 090 |
|
|
|a 81887
|
| 100 |
|
|
|a 20050924d1972 m y0rusy50 ca
|
| 101 |
1 |
|
|a rus
|c che
|
| 102 |
|
|
|a RU
|
| 105 |
|
|
|a y z 000ay
|
| 200 |
1 |
|
|a Похождения бравого солдата Швейка
|e Роман
|e пер. с чеш.
|f Я. Гашек
|
| 210 |
|
|
|a Кишинев
|c Картя молдовеняскэ
|d 1972
|
| 215 |
|
|
|a 743 с.
|
| 606 |
1 |
|
|a Чешская литература
|2 stltpush
|3 (RuTPU)RU\TPU\subj\80268
|9 88014
|
| 610 |
1 |
|
|a художественная литература
|
| 610 |
1 |
|
|a романы
|
| 675 |
|
|
|a 885
|v 3
|
| 700 |
|
1 |
|a Гашек
|b Я.
|c чешский писатель-сатирик
|f 1883-1923
|g Ярослав
|2 stltpush
|3 (RuTPU)RU\TPU\pers\14063
|9 4546
|
| 801 |
|
1 |
|a RU
|b 63413507
|c 20030812
|g PSBO
|
| 801 |
|
2 |
|a RU
|b 63413507
|c 20030909
|g PSBO
|
| 801 |
|
2 |
|a RU
|b 63413507
|c 20221010
|g PSBO
|
| 942 |
|
|
|c BK
|